Panerígico de Trajano (Record no. 121823)

MARC details
000 -LEADER
campo de control de longitud fija 00888nam a2200241 4500
001 - NÚMERO DE CONTROL
campo de control 121823
003 - IDENTIFICADOR DE NÚMERO DE CONTROL
campo de control ES-MaACL
005 - FECHA Y HORA DE LA ÚLTIMA TRANSACCIÓN
campo de control 20250722063145.0
007 - CAMPO FIJO DE DESCRIPCIÓN FÍSICA--INFORMACIÓN GENERAL
campo de control de longitud fija t|
008 - DATOS DE LONGITUD FIJA--INFORMACIÓN GENERAL
campo de control de longitud fija 070214s1967 mx r ||||1| spa d
100 1# - ENTRADA PRINCIPAL--NOMBRE DE PERSONA
Nombre de persona Plinio Cecilio Segundo, Cayo
9 (RLIN) 92658
245 10 - MENCIÓN DEL TÍTULO
Título Panerígico de Trajano
Resto del título : ; y cartas /
Mención de responsabilidad, etc. por Plinio el Joven ; traducción por Francisco de Barreda y Francisco Navarro . Vidas de varones ilustres / Cornelio Nepote ; traducción del latín por D. Rodrigo de Oviedo.
260 ## - PUBLICACIÓN, DISTRIBUCIÓN, ETC.
Lugar de publicación, distribución, etc. México :
Nombre del editor, distribuidor, etc. Ed. Nacional,
Fecha de publicación, distribución, etc. 1967.
300 ## - DESCRIPCIÓN FÍSICA
Extensión 399 p. ;
Dimensiones 18 cm.
700 1# - ENTRADA AGREGADA--NOMBRE PERSONAL
Nombre de persona Barreda, Francisco de.
9 (RLIN) 25878
700 1# - ENTRADA AGREGADA--NOMBRE PERSONAL
Nombre de persona Navarro, Francisco.
9 (RLIN) 85066
700 1# - ENTRADA AGREGADA--NOMBRE PERSONAL
Nombre de persona Nepote, Cornelio.
9 (RLIN) 85385
700 1# - ENTRADA AGREGADA--NOMBRE PERSONAL
Nombre de persona Oviedo, Rodrigo de.
9 (RLIN) 88019
740 0# - ENTRADA AGREGADA--TÍTULO RELACIONADO/ANALÍTICO NO CONTROLADO
Título relacionado o analítico no controlado Cartas.
740 0# - ENTRADA AGREGADA--TÍTULO RELACIONADO/ANALÍTICO NO CONTROLADO
Título relacionado o analítico no controlado Vidas de varones ilustres.
852 ## - LOCALIZACIÓN
Ubicación ES-MaACL
Número de control de estantería E-9660
Sublocalización o colección R.93931
Holdings
Estatus retirado Estado de pérdida Estado de daño No para préstamo Biblioteca de origen Biblioteca actual Ubicación en estantería Fecha de adquisición Fuente de adquisición Total de préstamos Signatura topográfica completa Código de barras Visto por última vez Precio de reemplazo Tipo de ítem Koha
        Biblioteca del Ateneo de Madrid Biblioteca del Ateneo de Madrid Depósito 2 17/01/2008     E-9660 1126950 23/02/2023 23/02/2023 Libro impreso